LEADER 01624nam 2200373Ia 450 001 996386901203316 005 20221108104658.0 035 $a(CKB)1000000000621001 035 $a(EEBO)2240901217 035 $a(OCoLC)51617583 035 $a(EXLCZ)991000000000621001 100 $a20030210d1689 uy 0 101 0 $aeng 135 $aurbn||||a|bb| 200 10$aNicholas Machiavel secretary of Florence, his testimony against the Pope, and his clergy$b[electronic resource] $ealso, his prophesie, that all reformations that shall have any mixture of that sort of men, the clergy in it, shall come to nought. Published in the year 1537 210 $a[London? $cs.n.]$dReprinted in the year 1689 215 $a[9], 2-36 p 300 $aAnother edition of "The publisher or translator of Nicholas Machiavels whole works out of Italian, faithfully into English". 300 $a"The letter is suppositious; it was probably written by Henry Neville"--BM. 300 $aSuggested place of publication from Wing. 300 $aReproduction of the original in the National Library of Scotland. 330 $aeebo-0097 606 $aPolitical ethics$vEarly works to 1800 606 $aPolitical science$vEarly works to 1800 615 0$aPolitical ethics 615 0$aPolitical science 700 $aNeville$b Henry$f1620-1694.$0790969 701 $aMachiavelli$b Niccolo?$f1469-1527.$0330797 801 0$bEAE 801 1$bEAE 906 $aBOOK 912 $a996386901203316 996 $aNicholas Machiavel secretary of Florence, his testimony against the Pope, and his clergy$92415586 997 $aUNISA LEADER 02046nam0 22003371i 450 001 UON00090144 005 20231205102506.286 100 $a20020107d1992 |0itac50 ba 101 $aita 102 $aIT 105 $a|||| ||||| 200 1 $aRicerche archeologiche all'Incoronata di Metaponto$eScavi dell'Università degli Studi di Milano, Ist. di Archeologia 205 $aMilano : Univ. degli Studi$b1992 210 $a v.$a28 cm 215 $aposs$c2.: Dal villaggio indigeno all'emporio greco, le strutture e i materiali del saggio T 316 $aCIVICHE RACCOLTE ARCHEOLOGICHE E NUMISMATICHE MILANO$5IT-UONSI N 2METAPONTO004 316 $aCIVICHE RACCOLTE$5IT-UONSI N 2METAPONTO005 423 1$1001UON00363221$12001 $aˆL'‰oikos greco del saggio H. Lo scavo e i reperti 423 1$1001UON00363222$12001 $aDal villaggio indigeno all'emporio greco. Le strutture e i materiali del saggio T 606 $aArcheologia Greca$xMetaponto$3UONC027209$2FI 620 $aIT$dMilano$3UONL000005 686 $aN2$cTOPOGRAFIA ITALIA ANTICA$2A 712 $aUniversità degli Studi di Milano$3UONV251374$4650 801 $aIT$bSOL$c20250912$gRICA 912 $aUON00090144 950 $aSIBA - SISTEMA BIBLIOTECARIO DI ATENEO$dSI N 2 METAPONTO 001 $eSI MC 19619 5 $sSmarrito 950 $aSIBA - SISTEMA BIBLIOTECARIO DI ATENEO$dSI N 2 METAPONTO 002 $eSI MC 16569 5 $sSmarrito 950 $aSIBA - SISTEMA BIBLIOTECARIO DI ATENEO$dSI N 2 METAPONTO 004 $eSI MC 23543 5 CIVICHE RACCOLTE ARCHEOLOGICHE E NUMISMATICHE MILANO 950 $aSIBA - SISTEMA BIBLIOTECARIO DI ATENEO$dSI N 2 METAPONTO 005 $eSI MC 21540 5 CIVICHE RACCOLTE 996 $aRicerche archeologiche all'Incoronata di Metaponto$9994278 997 $aUNIOR